Statistics for Musical Trios

Click here to take the quiz!

General Stats

  • This quiz has been taken 65 times
  • The average score is 11 of 22

Answer Stats

MembersHintBand Name% Correct
Gibb, Gibb, GibbStayin' Alive (1977)BeeGees
85%
Ross, Ballard, WilsonStop In The Name Of Love (1965)The Supremes
85%
Clapton, Bruce, BakerWhite Room (1968)Cream
84%
Sumner, Summers, CopelandRoxanne (1978)The Police
78%
Knowles, Rowland, WilliamsBills, Bills, Bills (1999)Destiny's Child
76%
Cobain, Grohl, NovoselicCome As You Are (1991)Nirvana
76%
Yarrow, Stookey, TraversPuff The Magic Dragon (1963)Peter Paul & Mary
75%
Jimi, Redding, MitchellAll Along The Watchtower (1968)Jimi Hendrix Experience
65%
Diamond, Yauch, HorovitzFight For Your Right (1986)Beastie Boys
64%
Hill, Gibbons, BeardSharp Dressed Man (1983)ZZ Top
64%
Armstrong, Dirnt, Tré CoolBoulevard of Broken Dreams (2004)Green Day
62%
David, Stephen, GrahamSuite: Judy Blue Eyes (1969)CSN
53%
Lee, Lifeson, PeartTom Sawyer (1981)Rush
53%
Kilmister, Clarke, TaylorAce of Spades (1980)Motörhead
49%
Keith, Greg, CarlStill You Turn Me On (1973)ELP
36%
Simmons, McDaniels, MizellIt's Like That (1984)Run DMC
36%
Beckley, Bunnell, PeekSister Golden Hair (1975)America
29%
West, Pappalardi, LaingMississippi Queen (1970)Mountain
25%
Walsh, Fox, PetersFunk #49 (1970)James Gang
16%
Brewer, Farner, SchacherI'm Your Captain (1970)Grand Funk Railroad
15%
Trower, Dewar, IsidoreBridge of Sighs (1974)Robin Trower
9%
Peterson, Stephens, WhaleySummertime Blues (1968)Blue Cheer
7%

Score Distribution

Percentile by Number Answered

Percent of People with Each Score

Your Score History

You have not taken this quiz